| 000 | 00496nam a2200193Ia 4500 | ||
|---|---|---|---|
| 008 | 210210b1948 xxu||||| |||| 00| 0 eng d | ||
| 041 | _aeng | ||
| 082 | _a543.089 WILI | ||
| 100 | _aWILLIAMS (Trevor Illtyd) | ||
| 245 | _aIntroduction to chromatography | ||
| 260 |
_aLondon _bBlackie and Son Limited _c1948 |
||
| 300 | _aviii,100 | ||
| 650 | _ato | ||
| 650 | _aIntroduction | ||
| 650 | _achromatography. | ||
| 650 | _achromatography | ||
| 690 | _aAnalytical Chemistry | ||
| 906 | _a009847 | ||
| 999 |
_c140592 _d140592 |
||